000 00286nam a22001217a 4500
020 _a8189729039
082 _a664.02.
_bBAN/BI
245 _aBioseparation Process in Foods
260 _aNew Delhi
_bGene - Tech Books
_c2012
300 _a278
700 _aBansal, P.B.
_91074
942 _cBK
999 _c14615
_d14615